عرض عادي عرض مارك
  • Morrison, Janet.

مدخل إسم شخص

عدد التسجيلات المستخدمة في: 1

001 - رقم الضبط

  • حقل الضبط: 17783

003 - معرف رقم الضبط

  • حقل الضبط: OSt

005 - تاريخ ووقت أخر عملية

  • حقل الضبط: 20121130021639.0

008 - عناصر بيانات ثابتة الطول

  • حقل تحكم ثابت الطول: 121130|||a|||||| | ||| d

040 ## - مصدر الفهرسة

  • هيئة الفهرسة الأصلية: OSt
  • وكالة الكتابة: OSt

100 ## - مدخل -- أسم شخص

  • إسم شخص: Morrison, Janet.
  • عنوان العمل: International business environment.

670 ## - بيانات المصدر موجوده

  • الاستشهاد بالمصدر: Work cat.: (OSt)0: Morrison, Janet. 17780, The global business environment :, 2011.